000 01051nas a2200313 4500
001 BR9202891
003 BR-BrBNA
005 20231205092555.0
007 ta
008 230509b bl.|||p| |||| 00| 00por d
040 _aBR-BrBNA
_bpor
_cBiblioteca Nacional de Agricultura
041 _a(Pt)
072 _aF04
100 1 _aCarvalho, M.M.
100 1 _aMartins, C.E.
100 1 _aVerneque, R. das S.
100 1 _aSiqueira, C.
245 1 _aResposta de uma especie de braquiaria a fertilizacao com nitrogenio e potassio em um solo acido
246 1 _aResponse of signal grass to nitrogen and potassium fertilization in an acid soil
650 _aCAPIM BRACHIARIA
650 _aFERTILIZANTE NITROGENADO
650 _aFERTILIZANTE POTASSICO
650 _aSOLO ACIDO
650 _aLATOSSOLO VERMELHO AMARELO
650 _aMINAS GERAIS
773 0 _tRevista Brasileira de Ciencia do Solo (Brazil)
_xISSN 0100-0683
_g(May-Aug 1991), v. 15(2) p. 195-200
_wBR9202891
909 _a202311
_bLúcia
_c55
_dLúcia Elande
942 _2AGRIS
_n0
_cANA
999 _c132594
_d132594